| 000 | 00369nam a2200145 4500 | ||
|---|---|---|---|
| 005 | 20250709151034.0 | ||
| 008 | m | ||
| 020 | _a9780281048427 | ||
| 050 |
_aBS 2545 _bGIL |
||
| 100 | _aGILES, KEVIN | ||
| 245 |
_aWHAT ON EARTH IS THE CHURCH ? _bA BIBLICAL AND THEOLOGICAL INQUIRY _cKEVIN GILES |
||
| 260 |
_aLONDON _bSPCK _cc1995 |
||
| 300 | _ax, 310p.; | ||
| 942 |
_2lcc _cBK _n0 |
||
| 999 |
_c6890 _d6890 |
||